Search the Library Catalogue
| 000 -LEADER | |
|---|---|
| fixed length control field | 00545nam a2200193Ia 4500 |
| 008 - FIXED-LENGTH DATA ELEMENTS--GENERAL INFORMATION | |
| fixed length control field | 191130s1996##################000#0#eng## |
| 020 ## - INTERNATIONAL STANDARD BOOK NUMBER | |
| ISBN | 9780590899260 |
| 082 ## - DEWEY DECIMAL CLASSIFICATION NUMBER | |
| Classification number | 649.6 GRE |
| 100 ## - MAIN ENTRY--AUTHOR NAME | |
| Personal name | Greenberg, Polly |
| 245 ## - TITLE STATEMENT | |
| Title | What do I do when my child won't do as I say? |
| Statement of responsibility, etc | Polly Greenberg |
| 260 ## - PUBLICATION, DISTRIBUTION, ETC. (IMPRINT) | |
| Place of publication | New York |
| Name of publisher | Scholastic |
| Year of publication | 1996 |
| 300 ## - PHYSICAL DESCRIPTION | |
| Number of Pages | 32 p. : ill. ; 23 cm |
| 650 ## - SUBJECT ADDED ENTRY--TOPICAL TERM | |
| Topical Term | Child rearing |
| Topical Term | Discipline of children |
| 991 ## - | |
| -- | 101323 |
| Withdrawn status | Lost status | Damaged status | Not for loan | Home library | Current library | Date acquired | Full call number | Accession Number | Price effective from | Koha item type |
|---|---|---|---|---|---|---|---|---|---|---|
| Anna Centenary Library | Anna Centenary Library | 09.10.2020 | 649.6 GRE | 429761 | 09.10.2020 | English Books |